000 00537nam a2200193 a 4500
005 20230916063533.0
008 021008s2001 mx r 000 0 spa d
020 _a9682708044
035 _aUPN01000119960
049 _aCG
050 4 _aHN16
_bA5.2
100 1 _aAntaki, Ikram,
_d1948-2000
_928728
245 1 0 _aA la vuelta del milenio /
_cIkram Antaki.
260 _aMéxico :
_bJ. Mortiz,
_c2001.
300 _a115 p.
650 4 _aHistoria social
_ySiglo XX
_922903
650 4 _aPOLITICA MUNDIAL -
_ySIGLO XX
_91449
905 _aLibro
999 _c92310
_d92310